| 000 | 00623 a2200193 4500 | ||
|---|---|---|---|
| 020 | _a0387943382 | ||
| 020 | _a9780387943381 | ||
| 082 | 0 | 4 | _a516.36 |
| 090 |
_c1564 _d1564 |
||
| 100 | 1 | _aLang, Serge. | |
| 245 | 1 | 0 |
_aDifferential and riemannian manifolds / _cSerge Lang. |
| 250 | _a3rd ed. | ||
| 260 |
_a[S.l.] : _bSpringer, _c1995. |
||
| 300 |
_a384 p. ; _c24 cm. |
||
| 490 | 1 | _aGraduate texts in mathematics. | |
| 830 | 0 | _aGraduate texts in mathematics. | |
| 942 |
_aSNS _cBK _k516.36 LAN |
||
| 999 |
_c30174 _d30174 |
||